Statistiken für Länder, die mit P beginnen

Klicken Sie hier um das Quiz zu spielen!

Allgemein

  • Dieses Quiz wurde 18.371 mal gespielt
  • Das Durchschnittsergebnis liegt bei 7 aus 9

Antwortstatistiken

Land% Korrekt
Panama
88%
Polen
87%
Portugal
86%
Peru
83%
Pakistan
82%
Paraguay
77%
Palau
75%
Papua-Neuguinea
70%
Philippinen
61%

Verteilung der Resultate

Perzentil nach korrekt beantworteten Fragen

Anzahl Personen mit jedem Resultat

Ihre Resultats-Entwicklung

Sie haben dieses Quiz noch nicht gespielt